Statistiken für Hauptstadt, Land, Fluss - Nr.1 der Welt

Klicken Sie hier um das Quiz zu spielen!

Allgemein

  • Dieses Quiz wurde 333 mal gespielt
  • Das Durchschnittsergebnis liegt bei 28 aus 73

Antwortstatistiken

% Korrekt
Amazonas
83%
Russland
83%
China
82%
Australien
80%
Brasilien
79%
Kanada
78%
Vereinigte Staaten
78%
Nil
75%
Deutschland
73%
Donau
72%
Indien
71%
Mexiko
70%
Frankreich
68%
Peking
68%
Tokio
68%
Moskau
64%
Kongo
62%
Niger
61%
Jemen
60%
Oman
57%
Peru
55%
Zentralafrikanische Republik
55%
Jakarta
53%
Kairo
53%
Weißrussland
50%
Honduras
49%
Libyen
49%
Saudi-Arabien
47%
Ukraine
44%
Ankara
43%
Bangkok
43%
Lima
42%
Tschad
42%
Quito
41%
Hanoi
40%
Islamabad
40%
Ob
38%
Seoul
38%
Nairobi
37%
Elfenbeinküste
36%
Lena
36%
Caracas
35%
Jangtsekiang
34%
Mekong
34%
Riad
34%
Gabun
33%
Dhaka
32%
Zagreb
32%
Ulaanbaatar
29%
Colorado River
27%
Wien
24%
Gelber Fluss
23%
Euphrat
20%
Freetown
20%
Guatemala-stadt
16%
Vientiane
16%
Yaounde
15%
Ouagadougou
11%
Parana
8%
Yukon River
8%
Brahmaputra
7%
Weißer Nil
3%
Irtysch
2%
Fraser River
1%
Volta
1%
Xiang Jiang
1%
Han Jiang
0%
Qiantang-Fluss
0%
Rio Jurua
0%
Saluen
0%
Tarim
0%
Untere Tunguska
0%
Zipa
0%

Verteilung der Resultate

Perzentil nach korrekt beantworteten Fragen

Anzahl Personen mit jedem Resultat

Ihre Resultats-Entwicklung

Sie haben dieses Quiz noch nicht gespielt